00593nam a2200241Ia 450000500170000000800460001702000180006303700100008104000080009104000080009904000080010704100080011504100080012308400080013110000350013924500490017424500300022326000230025326000090027636500050028536500080029085600530029820260324144417.0008 260324s9999 xx 000 0 eng d a9780429302299 aEBOOK aCRL beng cCRL 2eng aeng qCRL aKenneth Kipnis; Diana T Meyers 0aPolitical Realism And International Morality 0bEthics In The Nuclear Age bTaylor and Francis c1988 a b220 uhttp://www.taylorfrancis.com/books/9780429302299